000 00357nam a2200133Ia 4500
008 240624s9999 xx 000 0 und d
041 _aeng
082 _a332 BAD
100 _aBADRE BERTRAND
245 _aCAN FINANCE SAVE THE WORLD REGAINING POW
260 _c2018
_aOakland
_bBerrett-Koehler Publishers
300 _axvii, 256 p.; 23 cm.
365 _c
_b25
999 _c31958
_d31958